000 00266nam a2200109Ia 4500
008 220216s9999 xx 000 0 und d
100 _aMukherjee Alokee
245 0 _aSome aspects of compounding
260 _bRubberchem Review
_c1998
300 _a17-19
942 _cJS
999 _c68919
_d68919